| 000 | 00577cam a22002411 4500 | ||
|---|---|---|---|
| 001 | sa 65007761 | ||
| 003 | DLC | ||
| 005 | 20260227112151.0 | ||
| 008 | 940602s1963 pk c 000 1 urdo | ||
| 010 | _asa 65007761 | ||
| 025 | _aPL480:P-U-1265 | ||
| 035 | _a(OCoLC)30538244 | ||
| 040 |
_aDLC _cCU _dCU _dDLC |
||
| 042 | _apremarc | ||
| 050 | 0 | 0 |
_aPK2200.A7 _bQ8 |
| 100 | 1 |
_aAslam, Muhammad, _d1885- |
|
| 245 | 1 | 0 | _aQudsīyah. |
| 260 | _c[1963] | ||
| 300 |
_a588 p. _bport. _c19 cm. |
||
| 500 | _aIn Urdu. | ||
| 500 | _aText partially vocalized. | ||
| 500 | _aA novel. | ||
| 999 |
_c65353 _d65353 |
||